000 00392nam a2200145Ia 4500
008 221007s9999 xx 000 0 und d
041 _aeng
082 _bLON
100 _aLonkar Parnavi - 2K111078 & Prof. Pranita Sonar - Guide
_9102244
245 _aStudy of Employee Engagement
260 _c2013
_bPune University
_aPune
300 _a68p
520 _aSonar Pranita
906 _bGeneral
999 _c69405
_d69405